Netýkavka

Bibliographic Details
Main Author: Webb, Peggy, 1942- (Author)
Other Authors: Trancygier, Tomasz, 1947- (Translator), Miková, Š. (Translator)
Format: Book
Language:Czech
English
PhysicalDescription:148 s. 19 cm
Published: Martin Wist 2005
ISBN:8080494118
Series:Love story
Subjects:

MARC

LEADER 00000cam a2200000 a 4500
001 vtls008161165
003 SK-MaSNL
005 20260301102013.0
008 240314s2005 xo g 000 f cze
015 |a SNBA2005/07-02775 
020 |a 8080494118  |q (brož.) 
035 |a C027824B-3672-4D49-B7F4-E7553AFF7D88 
035 |a urn:nbn:sk:snk-amjdy6 
035 |a urn:nbn:sk:snk-am000yaj 
040 |a SNK  |b slo  |c SNK  |e AACR2 
041 1 |a cze  |h eng 
044 |a xo  |c SK 
072 7 |a 821.111(73)-3  |x Americká próza  |2 konspekt 
080 |a (0:82-312.5)  |2 1997 
080 |a 821.111(73)-31  |2 1997 
100 1 |a Webb, Peggy,  |d 1942-  |4 aut  |9 244891 
240 1 0 |a Tarnished armor  |l Česky 
245 1 0 |a Netýkavka  |c Peggy Webb ; preklad T. Trancygier, Š. Miková Š. 
260 |a Martin  |b Wist  |c 2005 
300 |a 148 s.  |c 19 cm 
490 1 |a Love story  |v 241 
500 |a Preložené z angličtiny 
655 7 |a americké romány  |2 SNKPH  |9 1174 
655 7 |a ľúbostné romány  |2 SNKPH  |9 70497 
700 1 |a Trancygier, Tomasz,  |d 1947-  |4 trl  |9 229691 
700 1 |a Miková, Š.  |4 trl  |9 45756 
830 0 |a Love story  |9 276554 
852 |a Slovenská národná knižnica 
919 |a 80-8049-411-8 
954 |a beletria cudzojazyčná (svetová)  |2 lita 
968 |a Čes  |b ENG  |d 821 
999 |c 690899  |d 692829 
952 |a SNK  |b SNK  |y PREZ  |7 0  |p 17A0472905  |o snkSD 74887  |i snk2005/10608  |8 0  |0 0  |1 0  |4 0  |d 2005-06-17  |l 0  |r 2025-11-21 00:00:00  |w 2026-02-23 
952 |a SNK  |b SNK  |y PREZ  |7 0  |p 17A0479247  |o snkSD 74887 D1  |i snk2005/12007  |8 0  |0 0  |1 0  |4 0  |d 2005-07-12  |f 1  |l 0  |r 2017-06-30 00:00:00  |w 2026-02-23